000 00695nam a2200289Ia 4500
005 20260324122707.0
008 008 260324s9999 xx 000 0 eng d
020 _a9780203722640
037 _aEBOOK
040 _aCRL
040 _beng
040 _cCRL
041 _2eng
041 _aeng
084 _qCRL
100 _aJ A S Grenville
_91167441
245 4 _aThe Jews and Germans of Hamburg
245 4 _bThe Destruction of a Civilization 1790-1945
260 _bTaylor and Francis
260 _c2012
365 _a
365 _b290
856 _uhttp://www.taylorfrancis.com/books/9780203722640
942 _cEBOOK
999 _c1760381
_d1760381